| 000 | 00817nam a22002057a 4500 | ||
|---|---|---|---|
| 003 | 0 | ||
| 005 | 20250206174723.0 | ||
| 008 | 250206b xxu||||| |||| 00| 0 eng d | ||
| 050 |
_aN 7260 _b.G86 2023 |
||
| 100 | _aGumayagay, Ingrid Grace | ||
| 245 |
_aArtizmuseumapp: _ba mobile application for the art enthusiast. _cIngrid Grace Gumayagay |
||
| 260 |
_aLas Pinas City _bSouthville International School and Colleges _c2023 |
||
| 300 |
_axii, 149 pages: _bcolored pictures and illustrations; _c28cm. |
||
| 500 | _aBachelor of Science in Information Technology | ||
| 504 | _aIncludes bibliographical references and appendices. | ||
| 650 | _aArt museums — Mobile applications. | ||
| 650 | _aMobile applications — Design and development. | ||
| 650 | _aTechnology in art — Digital engagement. | ||
| 942 |
_2lcc _cTH |
||
| 999 |
_c367149 _d367149 |
||